Commentary on the prevention of corruption act : (Record no. 150019)

MARC details
000 -LEADER
fixed length control field 00917nam a22002297a 4500
005 - DATE AND TIME OF LATEST TRANSACTION
control field 20180219112516.0
010 ## - LCCN (DPL NO)
LC control number B-689587
020 ## - INTERNATIONAL STANDARD BOOK NUMBER
Terms of availability 1650.00
International Standard Book Number 9789351438427
035 ## - SYSTEM CONTROL NUMBER
System control number B-689587
037 ## - SOURCE OF ACQUISITION
Stock number dpl
Source of stock number/acquisition KKP
082 ## - DEWEY DECIMAL CLASSIFICATION NUMBER
Classification number 344.05
100 ## - MAIN ENTRY--PERSONAL NAME
Personal name Rao, A.S. Ramachandra
245 ## - TITLE STATEMENT
Title Commentary on the prevention of corruption act :
Statement of responsibility, etc by A.S. Ramachandra Rao
Remainder of title a treatise on anti-corruption laws /
250 ## - EDITION STATEMENT
Edition statement 3rd ed
260 ## - PUBLICATION, DISTRIBUTION, ETC. (IMPRINT)
Place of publication, distribution, etc Delhi
Name of publisher, distributor, etc Universal Law Publishing
Date of publication, distribution, etc 2016
270 ## - ADDRESS
Address LexisNexis, 14th Floor, Building No.10, DLF Cyber City, Phase-II
City Gurgaon
Postal code 122002
300 ## - PHYSICAL DESCRIPTION
Extent xcii,1321p.
Dimensions 25cm(Hb)
500 ## - GENERAL NOTE
General note Includes index
505 ## - FORMATTED CONTENTS NOTE
Formatted contents note (Rashtrapati Bhawan)
942 ## - ADDED ENTRY ELEMENTS (KOHA)
Source of classification or shelving scheme Dewey Decimal Classification
Item type English Books
Call number suffix RAO
Classification part 344.05
Holdings
Withdrawn status Lost status Not for loan Collection code Home library Current library Date acquired Source of acquisition Cost, normal purchase price Full call number Barcode Copy number Cost, replacement price Koha item type
      Non-fiction Mobile Library Mobile Library 19/02/2018 KKP/BL-61/14.2.2018/EN/SPL/2017-18/769/10.2.2018/16.2.2018 1650.00 344.05 RAO B-689587 1 1650.00 English Books

© Delhi Public Library
Hit Counter
free hit counter